Cotswold Line stations - Statistics

General Stats
  • This quiz has been taken 27 times
  • The average score is 13 of 20
Answer Stats
Answer % Correct
Hereford
86%
Oxford
86%
Evesham
76%
Great Malvern
76%
Worcester Shrub Hill
76%
Colwall
71%
Ledbury
71%
Malvern Link
71%
Moreton-in-Marsh
71%
Worcester Foregate Street
71%
Honeybourne
67%
Pershore
67%
Charlbury
62%
Worcestershire Parkway
62%
Shipton
57%
Hanborough
52%
Kingham
52%
Ascott-under-Wychwood
48%
Combe
48%
Finstock
48%
No matching quizzes found
Score Distribution
Percent of People with Each Score
Percentile by Number Answered
Your Score History
You have not taken this quiz